[Event "ISR-chT"]
[Site "Israel"]
[Date "2019.02.22"]
[Round "7.3"]
[White "Liss, Eran"]
[Black "Greenfeld, Alon"]
[Result "1/2-1/2"]
[WhiteElo "2431"]
[BlackElo "2525"]
[PlyCount "52"]
[EventDate "2019.01.04"]
[EventType "team-tourn"]
[EventRounds "11"]
[EventCountry "ISR"]
[SourceTitle "CBM 189 Extra"]
[Source "ChessBase"]
[SourceDate "2019.05.31"]
[SourceVersion "1"]
[SourceVersionDate "2019.05.31"]
[SourceQuality "1"]
[WhiteTeam "Rishon Le Zion Feldklein"]
[BlackTeam "Beer Sheva Alef Levant"]
[WhiteTeamCountry "ISR"]
[BlackTeamCountry "ISR"]

1. e4 c5 2. Nf3 d6 3. d4 cxd4 4. Nxd4 Nf6 5. Nc3 Nc6 6. f3 e5 7. Nb3 Be7 8. Be3 Be6 9. Nd5 Bxd5 10. exd5 Nb4 11. c4 a5 12. Qd2 b6 13. Be2 0-0 14. Nc1 Na6 15. b3 Nh5 16. Nd3 f5 17. f4 exf4 18. Nxf4 Nxf4 19. Bxf4 Nc5 20. 0-0 Bf6 21. Rad1 Ne4 22. Qc2 Qc7 23. Bd3 Qc5+ 24. Kh1 Rae8 25. Bxe4 Rxe4 26. Bg3 g6 1/2-1/2

[Event "ISR-chT"]
[Site "Israel"]
[Date "2018.02.23"]
[Round "9.5"]
[White "Liss, Eran"]
[Black "Hochman, Elnatan"]
[Result "1-0"]
[WhiteElo "2437"]
[BlackElo "2075"]
[PlyCount "79"]
[EventDate "2018.01.05"]
[EventType "team-tourn"]
[EventRounds "11"]
[EventCountry "ISR"]
[SourceTitle "EXT 2019"]
[Source "ChessBase"]
[SourceDate "2018.10.10"]
[SourceVersion "1"]
[SourceVersionDate "2018.10.10"]
[SourceQuality "1"]
[WhiteTeam "Rishon Le Zion Feldklein"]
[BlackTeam "Jerusalem Tenth"]
[WhiteTeamCountry "ISR"]
[BlackTeamCountry "ISR"]

1. e4 c5 2. Nf3 Nc6 3. d4 cxd4 4. Nxd4 e5 5. Nb5 d6 6. c4 Be7 7. N1c3 a6 8. Na3 Be6 9. Bd3 Bg5 10. 0-0 Bxc1 11. Rxc1 Nf6 12. Qd2 0-0 13. b3 Nh5 14. Ne2 Ne7 15. f3 Ng6 16. Rf2 Kh8 17. Kh1 Qb6 18. Nc3 Nhf4 19. Bf1 Rac8 20. Nc2 f5 21. g3 Nh5 22. Bh3 Ne7 23. Rcf1 Nf6 24. Ne3 g6 25. Bg2 Qc5 26. a4 Nc6 27. f4 Nd4 28. fxe5 dxe5 29. exf5 gxf5 30. Bxb7 Rcd8 31. Qe1 Nxb3 32. Bd5 Bxd5+ 33. cxd5 Ne4 34. Nxe4 fxe4 35. Nf5 Rxd5 36. Qxe4 Nd2 37. Qg4 Rg8 38. Qh4 Qc6 39. Ne7 Qb7 40. Qf6+ 1-0

[Event "ISR-chT"]
[Site "Israel"]
[Date "2018.01.05"]
[Round "1.2"]
[White "Veinberg, Nimrod"]
[Black "Liss, Eran"]
[Result "0-1"]
[WhiteElo "2370"]
[BlackElo "2437"]
[PlyCount "74"]
[EventDate "2018.01.05"]
[EventType "team-tourn"]
[EventRounds "11"]
[EventCountry "ISR"]
[SourceTitle "CBM 182 Extra"]
[Source "ChessBase"]
[SourceDate "2018.02.23"]
[SourceVersion "1"]
[SourceVersionDate "2018.02.23"]
[SourceQuality "1"]
[WhiteTeam "Tsafrir Rehovot"]
[BlackTeam "Rishon Le Zion Feldklein"]
[WhiteTeamCountry "ISR"]
[BlackTeamCountry "ISR"]

1. d4 Nf6 2. c4 e6 3. g3 Bb4+ 4. Bd2 Qe7 5. Nc3 Nc6 6. Nf3 Bxc3 7. Bxc3 Ne4 8. Rc1 f5 9. Bg2 d6 10. d5 Nd8 11. dxe6 Nxe6 12. 0-0 0-0 13. Nd4 N6g5 14. Nf3 Be6 15. Nxg5 Qxg5 16. Qd4 Qg6 17. Be1 a5 18. f3 Nc5 19. Bc3 b6 20. e4 fxe4 21. fxe4 Nd7 22. e5 dxe5 23. Qe3 Rae8 24. Rxf8+ Kxf8 25. Bxe5 Bf7 26. Qa3+ c5 27. Bf4 Ne5 28. Bxe5 Rxe5 29. Qc3 Qg5 30. Rf1 Ke7 31. Qc2 Qe3+ 32. Kh1 Bg6 33. Qd1 Qe2 34. Bf3 Qxb2 35. Qa4 Bd3 36. Rd1 Qf2 37. Qc6 Re1+ 0-1

[Event "ISR-chT 13"]
[Site "Israel"]
[Date "2013.01.18"]
[Round "7.4"]
[White "Haimovich, Tal"]
[Black "Liss, Eran"]
[Result "1/2-1/2"]
[WhiteElo "2368"]
[BlackElo "2460"]
[PlyCount "48"]
[EventDate "2012.12.21"]
[EventType "team"]
[EventRounds "11"]
[EventCountry "ISR"]
[SourceTitle "EXT 2014"]
[Source "ChessBase"]
[SourceDate "2013.11.20"]
[SourceVersion "1"]
[SourceVersionDate "2013.11.20"]
[SourceQuality "1"]

1. e4 c5 2. Nf3 d6 3. d4 cxd4 4. Nxd4 Nf6 5. Nc3 Nc6 6. Bc4 Qb6 7. Nxc6 bxc6 8. 0-0 e6 9. Qe1 Be7 10. e5 Ng4 11. exd6 Bxd6 12. h3 Ne5 13. Be2 0-0 14. Ne4 Bb4 15. c3 Be7 16. b4 f5 17. Be3 Qc7 18. Nc5 Ng6 19. Bc4 Kh8 20. f4 Bd6 21. Nd3 e5 22. fxe5 Nxe5 23. Nxe5 Bxe5 24. Rd1 Bd7 1/2-1/2

[Event "EU-Cup 28th"]
[Site "Eilat"]
[Date "2012.10.12"]
[Round "2.4"]
[White "Kurnosov, Igor"]
[Black "Liss, Eran"]
[Result "1-0"]
[WhiteElo "2660"]
[BlackElo "2464"]
[PlyCount "81"]
[EventDate "2012.10.11"]
[EventType "team-swiss"]
[EventRounds "7"]
[EventCountry "ISR"]
[SourceTitle "CBM 151"]
[Source "ChessBase"]
[SourceDate "2012.11.13"]
[SourceVersion "1"]
[SourceVersionDate "2012.11.13"]
[SourceQuality "1"]
[WhiteTeam "Tomsk 400"]
[BlackTeam "Rishon Le Zion"]
[WhiteTeamCountry "RUS"]
[BlackTeamCountry "ISR"]

1. e4 e5 2. Nf3 Nc6 3. Bb5 a6 4. Ba4 Nf6 5. 0-0 Be7 6. Re1 b5 7. Bb3 d6 8. c3 0-0 9. h3 Na5 10. Bc2 c5 11. d4 cxd4 12. cxd4 Bb7 13. d5 Rc8 14. b3 Qc7 15. Bd3 Nh5 16. Na3 f5 17. Bd2 fxe4 18. Bxe4 Nf6 19. Bf5 Bxd5 20. Rc1 Nc6 21. Bg5 Bf7 22. Nc2 Qb8 23. Ne3 Kh8 24. Bxc8 Rxc8 25. Nf5 Bf8 26. Bxf6 gxf6 27. N3h4 d5 28. Qg4 Rc7 29. Rc3 d4 30. Rg3 Qd8 31. Rd1 Nb4 32. f4 Qd5 33. fxe5 fxe5 34. Qg5 Qe6 35. Nh6 Bg6 36. Rf1 Be7 37. Nxg6+ hxg6 38. Nf7+ Qxf7 39. Qxe5+ Qg7 40. Qxc7 d3 41. Rxg6 1-0

[Event "ISR-chT 1011"]
[Site "Israel"]
[Date "2011.03.04"]
[Round "3.3"]
[White "Liss, Eran"]
[Black "Gershon, Alik"]
[Result "1/2-1/2"]
[WhiteElo "2471"]
[BlackElo "2502"]
[PlyCount "97"]
[EventDate "2010.12.24"]
[EventType "team-tourn"]
[EventRounds "11"]
[EventCountry "ISR"]
[SourceTitle "EXT 2012"]
[Source "ChessBase"]
[SourceDate "2011.11.24"]
[SourceVersion "1"]
[SourceVersionDate "2011.11.24"]
[SourceQuality "1"]
[WhiteTeam "Rishon Le Zion Feldklein"]
[BlackTeam "Kefar Sava Hapoel"]
[WhiteTeamCountry "ISR"]
[BlackTeamCountry "ISR"]

1. e4 c5 2. Nf3 d6 3. d4 Nf6 4. Nc3 cxd4 5. Nxd4 Nc6 6. Bg5 Qb6 7. Nb3 e6 8. g4 Be7 9. Bf4 d5 10. Be3 Qc7 11. exd5 Nxd5 12. Nxd5 exd5 13. Qe2 0-0 14. 0-0-0 a5 15. a3 Ne5 16. Rg1 a4 17. Nd4 Nc4 18. Bg2 Qb6 19. c3 Bxg4 20. Nf5 Bxe2 21. Nxe7+ Kh8 22. Bxb6 Bxd1 23. Bd4 Be2 24. Bf1 f6 25. Bxe2 Rfe8 26. Bxc4 dxc4 27. Nf5 g6 28. Bxf6+ Kg8 29. Nh6+ Kf8 30. Bd4 Ra5 31. Kd2 Rb5 32. Rb1 Re4 33. h3 Rh5 34. Ng4 Rxh3 35. Ne3 b5 36. Rg1 Reh4 37. Ke2 Rh1 38. Kf1 Kf7 39. Kg2 R4h2+ 40. Kf1 Ke6 41. Ba7 Rh4 42. Bb8 Kf7 43. Kg2 Rxg1+ 44. Kxg1 Re4 45. Kf1 h5 46. Nc2 Re8 47. Bh2 Rd8 48. Ke2 Rd5 49. Ne3 1/2-1/2

[Event "ISR-chT 0809"]
[Site "Israel"]
[Date "2009.05.08"]
[Round "7"]
[White "Mikhalevski, Alexander"]
[Black "Liss, Eran"]
[Result "1/2-1/2"]
[WhiteElo "2444"]
[BlackElo "2477"]
[PlyCount "25"]
[EventDate "2008.12.12"]
[EventType "team-tourn"]
[EventRounds "11"]
[EventCountry "ISR"]
[SourceTitle "EXT 2010"]
[Source "ChessBase"]
[SourceDate "2010.11.25"]
[SourceVersion "1"]
[SourceVersionDate "2010.11.25"]
[SourceQuality "1"]

1. d4 Nf6 2. c4 g6 3. Nc3 d5 4. Bf4 Bg7 5. e3 c5 6. Nf3 0-0 7. dxc5 Qa5 8. Rc1 dxc4 9. Bxc4 Qxc5 10. b3 Nc6 11. 0-0 e5 12. Bg5 Qa5 13. Bb5 1/2-1/2

[Event "ISR-chT 08"]
[Site "Israel"]
[Date "2008.01.04"]
[Round "2.1"]
[White "Soffer, Ram"]
[Black "Liss, Eran"]
[Result "1/2-1/2"]
[WhiteElo "2465"]
[BlackElo "2488"]
[PlyCount "118"]
[EventDate "2007.12.26"]
[EventType "tourn"]
[EventRounds "11"]
[EventCountry "ISR"]
[SourceTitle "EXT 2009"]
[Source "ChessBase"]
[SourceDate "2008.11.26"]
[SourceVersion "1"]
[SourceVersionDate "2008.11.26"]
[SourceQuality "1"]
[WhiteTeam "Ashdod II"]
[BlackTeam "Herzliya"]
[WhiteTeamCountry "ISR"]
[BlackTeamCountry "ISR"]

1. c4 c5 2. Nc3 Nc6 3. g3 g6 4. Bg2 Bg7 5. a3 a6 6. Rb1 Rb8 7. b4 cxb4 8. axb4 b5 9. cxb5 axb5 10. Nf3 d5 11. d4 e6 12. Bf4 Rb7 13. e4 dxe4 14. Nxe4 Rd7 15. Nc5 Rd5 16. Qe2 Qb6 17. Bf1 Bxd4 18. Qxb5 Bc3+ 19. Nd2 Qxb5 20. Bxb5 Nge7 21. Nce4 Rxb5 22. Nd6+ Kd7 23. Nxb5 Bxb4 24. Ra1 Nd5 25. Bh6 g5 26. Bxg5 Rg8 27. Be3 Nxe3 28. fxe3 Rg5 29. Na3 Rc5 30. 0-0 Bxd2 31. Rad1 Rd5 32. Nc4 Ke7 33. Rxd2 Ba6 34. Rxd5 exd5 35. Na5 Bxf1 36. Nxc6+ Kd6 37. Nd8 Bd3 38. Nxf7+ Ke6 39. Ng5+ Kf6 40. Nf3 Bf5 41. Kf2 h5 42. Nd4 Bg4 43. Ne2 Ke5 44. h4 Ke4 45. Nc3+ Ke5 46. Nb5 Bd7 47. Nd4 Bg4 48. Ke1 Ke4 49. Kf2 Ke5 50. Nf3+ Ke4 51. Ng5+ Ke5 52. Ke1 d4 53. Kd2 dxe3+ 54. Kxe3 Bc8 55. Nf7+ Ke6 56. Ng5+ Ke5 57. Kf2 Bg4 58. Nf3+ Bxf3 59. Kxf3 Kf5 1/2-1/2

[Event "ISR-chT"]
[Site "Israel"]
[Date "2002.04.12"]
[Round "8"]
[White "Liss, Eran"]
[Black "Greenfeld, Alon"]
[Result "1/2-1/2"]
[WhiteElo "2501"]
[BlackElo "2574"]
[PlyCount "60"]
[EventDate "2002.01.10"]
[EventType "team-tourn"]
[EventRounds "11"]
[EventCountry "ISR"]
[SourceTitle "EXT 2003"]
[Source "ChessBase"]
[SourceDate "2002.11.25"]
[SourceVersion "1"]
[SourceVersionDate "2002.11.25"]
[SourceQuality "1"]

1. e4 e5 2. Nf3 Nf6 3. Nxe5 d6 4. Nf3 Nxe4 5. d4 d5 6. Bd3 Nc6 7. Nbd2 Nxd2 8. Bxd2 Bg4 9. Qe2+ Be7 10. c3 0-0 11. h3 Bh5 12. 0-0-0 Qd7 13. Be3 Rad8 14. h4 Kh8 15. Qc2 f5 16. Rde1 Bxf3 17. gxf3 Rf7 18. h5 Rdf8 19. Kb1 Nd8 20. Bc1 Bd6 21. Qb3 c6 22. c4 Ne6 23. Qc3 c5 24. cxd5 Nxd4 25. h6 g6 26. f4 Be7 27. Re5 Bd6 28. Ree1 Kg8 29. Be3 Nf3 30. Rd1 Re7 1/2-1/2

[Event "ISR-chT"]
[Site "Israel"]
[Date "2002.02.02"]
[Round "4"]
[White "Liss, Eran"]
[Black "Gershon, Alik"]
[Result "0-1"]
[WhiteElo "2501"]
[BlackElo "2558"]
[PlyCount "76"]
[EventDate "2002.01.10"]
[EventType "team-tourn"]
[EventRounds "11"]
[EventCountry "ISR"]
[SourceTitle "EXT 2003"]
[Source "ChessBase"]
[SourceDate "2002.11.25"]
[SourceVersion "1"]
[SourceVersionDate "2002.11.25"]
[SourceQuality "1"]

1. e4 c5 2. Nf3 d6 3. d4 cxd4 4. Nxd4 Nf6 5. Nc3 Nc6 6. Bg5 e6 7. Qd2 a6 8. 0-0-0 Qb6 9. Nb3 Be7 10. f3 0-0 11. Be3 Qc7 12. g4 b5 13. g5 Nd7 14. h4 b4 15. Ne2 a5 16. Nbd4 Nce5 17. Nf4 b3 18. Nxb3 Nxf3 19. Qg2 a4 20. Nd4 Nxd4 21. Bxd4 d5 22. e5 Nxe5 23. Nh5 a3 24. b3 Bc5 25. Qg3 Bxd4 26. Rxd4 Bb7 27. Nf6+ Kh8 28. Ng4 Rfc8 29. Bd3 Nxd3+ 30. Qxd3 e5 31. Rb4 d4 32. Rh2 e4 33. Qxd4 Qf4+ 34. Qe3 Qf1+ 35. Kd2 Rd8+ 36. Rd4 Rxd4+ 37. Qxd4 Qf4+ 38. Kc3 Qxg4 0-1

[Event "ISR-chT"]
[Site "Ramat Aviv"]
[Date "2000.03.24"]
[Round "7.4"]
[White "Liss, Eran"]
[Black "Vovsha, Eli"]
[Result "1-0"]
[WhiteElo "2517"]
[BlackElo "2346"]
[PlyCount "63"]
[EventDate "2000.01.14"]
[EventType "team-tourn"]
[EventRounds "11"]
[EventCountry "ISR"]
[SourceTitle "CBM 077"]
[Source "ChessBase"]
[SourceDate "2000.07.27"]
[SourceVersion "1"]
[SourceVersionDate "2000.07.27"]
[SourceQuality "1"]
[WhiteTeam "Rishon Le Zion Kasparov"]
[BlackTeam "Petah Tikva Hapoel"]
[WhiteTeamCountry "ISR"]
[BlackTeamCountry "ISR"]

1. e4 d5 2. exd5 Qxd5 3. Nc3 Qa5 4. d4 Nf6 5. Nf3 c6 6. Ne5 Be6 7. Bc4 Bxc4 8. Nxc4 Qd8 9. Bg5 e6 10. Bxf6 Qxf6 11. Ne4 Qf4 12. Qe2 Nd7 13. g3 Qc7 14. f4 Be7 15. 0-0-0 0-0-0 16. Rhf1 Rhf8 17. g4 Nb6 18. c3 Kb8 19. Ne5 f6 20. Nd3 Rfe8 21. Qf3 Nd7 22. Qh3 h6 23. Qh5 Bf8 24. Rfe1 Nb6 25. Qh3 Nd7 26. Qg3 c5 27. dxc5 Nxc5 28. Ndxc5 Rxd1+ 29. Rxd1 Bxc5 30. Nxc5 Qxc5 31. Rd7 Re7 32. b4 1-0

[Event "Tel Aviv super 1st"]
[Site "Tel Aviv"]
[Date "1999.05.17"]
[Round "7"]
[White "Liss, Eran"]
[Black "Smirin, Ilia"]
[Result "0-1"]
[WhiteElo "2513"]
[BlackElo "2652"]
[PlyCount "52"]
[EventDate "1999.05.11"]
[EventType "tourn"]
[EventRounds "9"]
[EventCountry "ISR"]
[EventCategory "14"]
[SourceTitle "CBM 071"]
[Source "ChessBase"]
[SourceDate "1999.08.01"]
[SourceVersion "1"]
[SourceVersionDate "1999.08.01"]
[SourceQuality "1"]

1. e4 c5 2. Nf3 Nc6 3. d4 cxd4 4. Nxd4 Qb6 5. Nb3 Nf6 6. Nc3 e6 7. Bd3 Be7 8. Be3 Qc7 9. f4 d6 10. Qf3 0-0 11. 0-0 a6 12. Rae1 b5 13. g4 Re8 14. e5 dxe5 15. g5 Nd5 16. Bxh7+ Kxh7 17. Qh5+ Kg8 18. Rf3 g6 19. Qh4 Bb4 20. f5 f6 21. gxf6 Qh7 22. Qg5 Kf7 23. Rh3 Qg8 24. Rh8 gxf5 25. Qg7+ Qxg7+ 26. fxg7 Bd7 0-1

[Event "Tel Aviv super 1st"]
[Site "Tel Aviv"]
[Date "1999.05.15"]
[Round "5"]
[White "Avrukh, Boris"]
[Black "Liss, Eran"]
[Result "1-0"]
[WhiteElo "2609"]
[BlackElo "2512"]
[PlyCount "75"]
[EventDate "1999.05.11"]
[EventType "tourn"]
[EventRounds "9"]
[EventCountry "ISR"]
[EventCategory "14"]
[SourceTitle "CBM 071"]
[Source "ChessBase"]
[SourceDate "1999.08.01"]
[SourceVersion "1"]
[SourceVersionDate "1999.08.01"]
[SourceQuality "1"]

1. d4 Nf6 2. c4 g6 3. Nc3 d5 4. cxd5 Nxd5 5. e4 Nxc3 6. bxc3 Bg7 7. Bb5+ c6 8. Ba4 0-0 9. Ne2 c5 10. 0-0 Nc6 11. Be3 Na5 12. Rb1 cxd4 13. cxd4 Bd7 14. d5 Nc4 15. Bd4 Bxa4 16. Qxa4 Bxd4 17. Nxd4 Nb6 18. Qb3 Qd7 19. a4 e5 20. Nb5 Rfc8 21. Rfd1 Rc5 22. Qa3 Rc4 23. a5 Ra4 24. Qc3 Rc8 25. Qxe5 Rxa5 26. Nxa7 Nc4 27. Qd4 Rcc5 28. Nc6 Rab5 29. Ra1 Nb6 30. Ne5 Qd6 31. Ng4 Kf8 32. Qh8+ Ke7 33. e5 Qd8 34. Qf6+ Ke8 35. Qh8+ Ke7 36. d6+ Kd7 37. Qxh7 Ke6 38. Qh3 1-0

[Event "Tel Aviv super 1st"]
[Site "Tel Aviv"]
[Date "1999.05.14"]
[Round "4"]
[White "Liss, Eran"]
[Black "Zilberman, Yaacov"]
[Result "1-0"]
[WhiteElo "2512"]
[BlackElo "2513"]
[PlyCount "67"]
[EventDate "1999.05.11"]
[EventType "tourn"]
[EventRounds "9"]
[EventCountry "ISR"]
[EventCategory "14"]
[SourceTitle "CBM 071"]
[Source "ChessBase"]
[SourceDate "1999.08.01"]
[SourceVersion "1"]
[SourceVersionDate "1999.08.01"]
[SourceQuality "1"]

1. e4 Nf6 2. e5 Nd5 3. d4 d6 4. Nf3 c6 5. c4 Nc7 6. Nc3 Bg4 7. exd6 exd6 8. h3 Bh5 9. Be3 Be7 10. Be2 Nd7 11. g4 Bg6 12. h4 h5 13. g5 a6 14. d5 c5 15. Nh2 b5 16. b3 Rb8 17. f4 bxc4 18. bxc4 Rb4 19. Nf1 Nb6 20. a3 Rb2 21. Bc1 Rc2 22. Bd2 Qd7 23. Ne3 Rb2 24. Qc1 Rxd2 25. Kxd2 0-0 26. Rf1 Bf5 27. Nxf5 Qxf5 28. Qb1 Qxb1 29. Raxb1 Nca8 30. a4 a5 31. Rb5 Bd8 32. Kd3 Bc7 33. Bxh5 Re8 34. Bg4 1-0

[Event "Tel Aviv super 1st"]
[Site "Tel Aviv"]
[Date "1999.05.12"]
[Round "2"]
[White "Liss, Eran"]
[Black "Sutovsky, Emil"]
[Result "1-0"]
[WhiteElo "2513"]
[BlackElo "2612"]
[PlyCount "65"]
[EventDate "1999.05.11"]
[EventType "tourn"]
[EventRounds "9"]
[EventCountry "ISR"]
[EventCategory "14"]
[SourceTitle "CBM 071"]
[Source "ChessBase"]
[SourceDate "1999.08.01"]
[SourceVersion "1"]
[SourceVersionDate "1999.08.01"]
[SourceQuality "1"]

1. e4 c5 2. Nf3 Nc6 3. Nc3 g6 4. d4 cxd4 5. Nxd4 Bg7 6. Be3 Nf6 7. Bc4 0-0 8. Bb3 a5 9. f3 d5 10. Bxd5 Nxd5 11. exd5 Nb4 12. Nde2 Bf5 13. Rc1 b5 14. a3 Nxc2+ 15. Rxc2 Bxc2 16. Qxc2 b4 17. Na4 Qxd5 18. Nb6 Qe6 19. Kf2 Rab8 20. Qc5 Rfd8 21. Re1 Rd6 22. Nf4 Qa2 23. Nc8 Rd7 24. Re2 Bf8 25. Nb6 Rdd8 26. a4 e6 27. Qxa5 Qb1 28. Qe5 Bg7 29. Qc7 Qh1 30. Nxe6 Bf6 31. Bg5 Bxg5 32. Nxg5 Rf8 33. Re1 1-0

[Event "ISR-chT"]
[Site "Israel"]
[Date "1999.01.08"]
[Round "1"]
[White "Liss, Eran"]
[Black "Boim, Inon"]
[Result "0-1"]
[WhiteElo "2505"]
[BlackElo "2410"]
[PlyCount "120"]
[EventDate "1999.01.??"]
[EventType "team-tourn"]
[EventRounds "11"]
[EventCountry "ISR"]
[SourceTitle "EXT 2000"]
[Source "ChessBase"]
[SourceDate "1999.11.16"]
[SourceVersion "1"]
[SourceVersionDate "1999.11.16"]
[SourceQuality "1"]

1. e4 e6 2. d4 d5 3. Nd2 dxe4 4. Nxe4 Bd7 5. Nf3 Bc6 6. Bd3 Nd7 7. 0-0 Ngf6 8. Ned2 Be7 9. Nc4 Be4 10. Bxe4 Nxe4 11. Qd3 Nef6 12. Bf4 0-0 13. Na5 Qc8 14. c3 Rd8 15. b4 c6 16. Qe2 Nd5 17. Bd2 b6 18. Nc4 Qc7 19. Rfe1 Rac8 20. Nce5 Nf8 21. a3 f6 22. Nd3 Qd7 23. Red1 Nc7 24. Be3 Nb5 25. Qc2 Nd6 26. c4 Nf5 27. Rd2 g5 28. h3 Qe8 29. Re1 Qg6 30. Qc3 Nd6 31. Qb3 Qf7 32. Rc2 Nf5 33. Qc3 h5 34. c5 b5 35. Nc1 Rd7 36. Ne2 Rcd8 37. Qb3 g4 38. hxg4 hxg4 39. Nh2 Nxe3 40. Qxe3 f5 41. f3 g3 42. Nf1 Bf6 43. f4 Bxd4 44. Nxd4 Rxd4 45. Qxg3+ Qg7 46. Qf2 Rd3 47. Nh2 R8d4 48. Re3 Rxe3 49. Qxe3 Re4 50. Qc3 Ng6 51. g3 e5 52. Qb3+ Kf8 53. Qe6 Ne7 54. Nf1 exf4 55. Qd6 fxg3 56. Rd2 f4 57. Qd8+ Kf7 58. Qd3 Qe5 59. Qf3 Re1 60. Rd7 Qe3+ 0-1

[Event "ISR-ch"]
[Site "Ramat Aviv"]
[Date "1998.11.15"]
[Round "4.2"]
[White "Liss, Eran"]
[Black "Tyomkin, Dimitri"]
[Result "0-1"]
[WhiteElo "2505"]
[BlackElo "2465"]
[PlyCount "160"]
[EventDate "1998.11.08"]
[EventType "k.o."]
[EventRounds "5"]
[EventCountry "ISR"]
[SourceTitle "CBM 068"]
[Source "ChessBase"]
[SourceDate "1999.02.01"]
[SourceVersion "1"]
[SourceVersionDate "1999.02.01"]
[SourceQuality "1"]

1. e4 c5 2. c3 Qa5 3. Nf3 d6 4. h3 Nf6 5. Bd3 g6 6. 0-0 Bg7 7. Bc2 0-0 8. d4 Qc7 9. Re1 Nc6 10. Nbd2 cxd4 11. cxd4 e5 12. Nb3 a5 13. a3 a4 14. Nbd2 b5 15. d5 Na5 16. Nf1 Nd7 17. Bd2 Nc5 18. Bxa5 Qxa5 19. Ne3 Bd7 20. Nd2 Rfc8 21. Rc1 Rc7 22. Bb1 Rac8 23. Qe2 Nb3 24. Nxb3 axb3 25. Rxc7 Rxc7 26. Rd1 Bh6 27. Bd3 Bg5 28. Kf1 Bd8 29. Qe1 Qa4 30. Qe2 Rc8 31. Qd2 h5 32. Rc1 Rc5 33. Rd1 Qa7 34. Qe2 Ba5 35. Ra1 Bb6 36. Rb1 Qa4 37. Rd1 Rc7 38. Kg1 Bd4 39. Qd2 Qa7 40. Qe2 Qa5 41. Rb1 Kf8 42. Qd1 Rc5 43. Kf1 Ke7 44. Qe2 Rc8 45. Qd1 Rc5 46. Qe2 Qc7 47. Qd2 Qc8 48. Kg1 f6 49. Kh2 Qc7 50. Nd1 Be8 51. Ne3 Qa7 52. Kg1 Rc8 53. Rc1 Bxe3 54. fxe3 Rxc1+ 55. Qxc1 Qc5 56. Qd2 Bd7 57. Kf2 f5 58. Ke2 fxe4 59. Bxe4 Bf5 60. Bxf5 gxf5 61. Qd3 Qc1 62. Qxb3 Qg1 63. Qxb5 Qxg2+ 64. Ke1 Qxh3 65. Qb6 Qh1+ 66. Kf2 Qxd5 67. Qc7+ Kf6 68. Qd8+ Kg6 69. Qe8+ Qf7 70. Qd8 Qf6 71. Qg8+ Kh6 72. b4 e4 73. Kg3 h4+ 74. Kh3 f4 75. exf4 Qxf4 76. b5 e3 77. b6 e2 78. Qh8+ Kg6 79. Qg8+ Kf6 80. Qf8+ Ke5 0-1

[Event "ISR-ch"]
[Site "Ramat Aviv"]
[Date "1998.11.13"]
[Round "3.2"]
[White "Liss, Eran"]
[Black "Golod, Vitali"]
[Result "1-0"]
[WhiteElo "2505"]
[BlackElo "2555"]
[PlyCount "79"]
[EventDate "1998.11.08"]
[EventType "k.o."]
[EventRounds "5"]
[EventCountry "ISR"]
[SourceTitle "CBM 068"]
[Source "ChessBase"]
[SourceDate "1999.02.01"]
[SourceVersion "1"]
[SourceVersionDate "1999.02.01"]
[SourceQuality "1"]

1. e4 e5 2. Nf3 Nc6 3. Bb5 a6 4. Ba4 Nf6 5. d3 d6 6. c3 g6 7. 0-0 Bg7 8. Nbd2 0-0 9. Re1 Nd7 10. Nf1 Nc5 11. Bxc6 bxc6 12. d4 Nd7 13. Ng3 c5 14. Bg5 Qe8 15. dxe5 Nxe5 16. Nxe5 Qxe5 17. Qd2 Re8 18. f4 Qe6 19. f5 Qe5 20. Rf1 Rb8 21. f6 Bh8 22. Rae1 c4 23. Be3 Qa5 24. Bd4 Qxa2 25. Re2 c5 26. Be3 Re6 27. e5 Qa5 28. Nf5 dxe5 29. Ne7+ Kf8 30. Bh6+ Ke8 31. Rd1 Bxf6 32. Nxc8 Qc7 33. Nd6+ Ke7 34. Ne4 Bh8 35. Ng5 Reb6 36. Qd5 Ke8 37. Rf1 Qb7 38. Qxf7+ Qxf7 39. Nxf7 Bf6 40. Nxe5 1-0

[Event "ISR-ch"]
[Site "Ramat Aviv"]
[Date "1998.11.10"]
[Round "2.2"]
[White "Liss, Eran"]
[Black "Yudasin, Leonid"]
[Result "1-0"]
[WhiteElo "2505"]
[BlackElo "2550"]
[PlyCount "47"]
[EventDate "1998.11.08"]
[EventType "k.o."]
[EventRounds "5"]
[EventCountry "ISR"]
[SourceTitle "CBM 068"]
[Source "ChessBase"]
[SourceDate "1999.02.01"]
[SourceVersion "1"]
[SourceVersionDate "1999.02.01"]
[SourceQuality "1"]

1. e4 c6 2. d4 d5 3. exd5 cxd5 4. c4 Nf6 5. Nc3 e6 6. Nf3 Bb4 7. Bd3 dxc4 8. Bxc4 0-0 9. 0-0 Nc6 10. Bg5 Be7 11. a3 b6 12. Qd3 Bb7 13. Rfe1 Nd5 14. Bxd5 Bxg5 15. Be4 g6 16. Rad1 Bf6 17. d5 exd5 18. Bxd5 Na5 19. Qe3 Qc7 20. Bxb7 Qxb7 21. Nd5 Bxb2 22. Ne5 Rad8 23. Nf6+ Kg7 24. Neg4 1-0

[Event "Herzliya"]
[Site "Herzliya"]
[Date "1998.09.13"]
[Round "8"]
[White "Schlosser, Philipp"]
[Black "Liss, Eran"]
[Result "1-0"]
[WhiteElo "2505"]
[BlackElo "2505"]
[PlyCount "71"]
[EventDate "1998.09.??"]
[EventType "tourn"]
[EventRounds "11"]
[EventCountry "ISR"]
[EventCategory "10"]
[SourceTitle "EXT 1999"]
[Source "ChessBase"]
[SourceDate "1998.11.16"]
[SourceVersion "1"]
[SourceVersionDate "1998.11.16"]
[SourceQuality "1"]

1. c4 c5 2. Nf3 Nc6 3. d4 cxd4 4. Nxd4 Nf6 5. g3 Qa5+ 6. Nc3 Ne4 7. Bd2 Nxd2 8. Qxd2 g6 9. Bg2 Bg7 10. e3 Qc5 11. Nd5 0-0 12. b4 Qd6 13. 0-0 e6 14. Nxc6 exd5 15. Nd4 dxc4 16. Rac1 a5 17. Rxc4 axb4 18. Rfc1 Qe5 19. Qxb4 d6 20. Rc7 Be6 21. a4 Bd5 22. Nb5 Bxg2 23. Kxg2 Qd5+ 24. e4 Qa2 25. R1c4 Be5 26. Rxb7 Ra6 27. Nc7 Ra5 28. Qxa5 Qxc4 29. Qb4 Qe2 30. a5 f5 31. Qb3+ Kh8 32. Ne6 Qxe4+ 33. Qf3 Qxf3+ 34. Kxf3 Ra8 35. a6 d5 36. a7 1-0

[Event "Herzliya"]
[Site "Herzliya"]
[Date "1998.09.12"]
[Round "7"]
[White "Liss, Eran"]
[Black "Afek, Yochanan"]
[Result "1-0"]
[WhiteElo "2505"]
[BlackElo "2375"]
[PlyCount "39"]
[EventDate "1998.09.??"]
[EventType "tourn"]
[EventRounds "11"]
[EventCountry "ISR"]
[EventCategory "10"]
[SourceTitle "EXT 1999"]
[Source "ChessBase"]
[SourceDate "1998.11.16"]
[SourceVersion "1"]
[SourceVersionDate "1998.11.16"]
[SourceQuality "1"]

1. e4 d5 2. exd5 Nf6 3. d4 Bg4 4. Nf3 Qxd5 5. Be2 Nc6 6. h3 Bxf3 7. Bxf3 Qd7 8. c3 e5 9. 0-0 exd4 10. Re1+ Be7 11. Qb3 Rb8 12. Bxc6 Qxc6 13. Bg5 h6 14. Bh4 Kf8 15. cxd4 Rd8 16. Nd2 Rxd4 17. Rxe7 Nd5 18. Nf3 Rxh4 19. Rxf7+ Kg8 20. Rxc7 1-0